Устройство для подавления помех на входе импульсного радиометрического канала контроля потока нейтронов; Приборы и системы. Управление, контроль, диагностика; № 1

Détails bibliographiques
Parent link:Приборы и системы. Управление, контроль, диагностика: научно-технический и производственный журнал.— , 2000-
№ 1.— 2004.— С. 28-30
Auteur principal: Волков С. В.
Langue:russe
Publié: 2004
Collection:Датчики
Sujets:
Format: Chapitre de livre
KOHA link:https://koha.lib.tpu.ru/cgi-bin/koha/opac-detail.pl?biblionumber=390493

MARC

LEADER 00000naa2a2200000 4500
001 390493
005 20231101063958.0
035 |a (RuTPU)RU\TPU\prd\23595 
090 |a 390493 
100 |a 20040309a2004 k y0rusy50 ca 
101 0 |a rus 
102 |a RU 
200 1 |a Устройство для подавления помех на входе импульсного радиометрического канала контроля потока нейтронов  |f С. В. Волков 
225 1 |a Датчики 
320 |a Библиогр.: 7 назв. 
461 1 |0 (RuTPU)RU\TPU\prd\1687  |t Приборы и системы. Управление, контроль, диагностика  |o научно-технический и производственный журнал  |d 2000- 
463 1 |0 (RuTPU)RU\TPU\prd\22736  |t № 1  |v С. 28-30  |d 2004 
610 1 |a подавление помех 
610 1 |a радиометрический контроль 
610 1 |a импульсный контроль 
610 1 |a поток нейтронов 
610 1 |a импульсно-токовые каналы 
610 1 |a ядерные реакторы 
610 1 |a измерения 
610 1 |a тепловые нейтроны 
610 1 |a энергетические реакторы 
700 1 |a Волков  |b С. В. 
801 1 |a RU  |b 63413507  |c 20040309  |g PSBO 
801 2 |a RU  |b 63413507  |c 20121008  |g RCR 
942 |c BK